Heat and Thermodynamics : An Intermediate Textbook /
Contenido: 1. Conceptos Fundamentales: Temperatura y la ley cero de la termodinámica; Sistemas simples termodinámicos; Trabajo; Calor y la primera ley de la termodinámica; Gases ideales; La segunda ley de la termodinámica; El ciclo de Carnot y la escala de temperatura termodinámica; Entropía; Sustan...
Збережено в:
| Автор: | |
|---|---|
| Інші автори: | |
| Формат: | Книга |
| Мова: | Англійська |
| Опубліковано: |
Boston, EUA :
McGraw-Hill,
1997, c1997
|
| Редагування: | 7a edición |
| Серія: | (International Series in Pure and Applied Physics)
|
| Предмети: | |
| Теги: |
Немає тегів, Будьте першим, хто поставить тег для цього запису!
|
MARC
| LEADER | 00000nam^a2200000^a^4500 | ||
|---|---|---|---|
| 001 | 000146624 | ||
| 005 | 20250521000000.0 | ||
| 009 | 20260310095918.87 | ||
| 020 | |a 0-07-017059-2 | ||
| 037 | |a Acervo ITESO - Biblioteca | ||
| 041 | |a ING | ||
| 082 | |a 536. |b ZEM | ||
| 100 | |a Zemansky, Mark W. |e (autor) | ||
| 240 | 1 | 1 | |a [Calor y termodinámica] |
| 245 | 1 | 0 | |a Heat and Thermodynamics : |b An Intermediate Textbook / |c M.W. Zemansky, R.H. Dittman. |
| 250 | |a 7a edición | ||
| 264 | 4 | |a Boston, EUA : |b McGraw-Hill, |c 1997, c1997 | |
| 300 | |a XX, 487 p. | ||
| 336 | |a texto |b txt |2 rdacontenido | ||
| 337 | |a sin mediación |b n |2 rdamedio | ||
| 338 | |a volumen |b nc |2 rdasoporte | ||
| 440 | 1 | |a (International Series in Pure and Applied Physics) | |
| 520 | |a Contenido: 1. Conceptos Fundamentales: Temperatura y la ley cero de la termodinámica; Sistemas simples termodinámicos; Trabajo; Calor y la primera ley de la termodinámica; Gases ideales; La segunda ley de la termodinámica; El ciclo de Carnot y la escala de temperatura termodinámica; Entropía; Sustancias puras; Métodos matemáticos; Sistemas abiertos. 2. Aplicaciones de los conceptos fundamentales: Mecánica estadística; Propiedades térmicas de los sólidos; Fenómenos críticos; Transiciones de fase de orden superior; Equilibrio químico; Reacciones de los gases ideales; Sistemas heterogéneos. | ||
| 649 | |a XX | ||
| 650 | |a Temperatura | ||
| 650 | |a Gases - |x Teoría | ||
| 650 | |a Leyes de la Termodinámica | ||
| 650 | |a Entropía | ||
| 650 | |a Propiedades Termodinámicas | ||
| 650 | |a Equilibrio Químico | ||
| 650 | |a Mecánica Estadística | ||
| 650 | |a Termodinámica | ||
| 650 | |a Calor | ||
| 650 | |a Física | ||
| 700 | |a Dittman, Richard H. |e (autor) | ||
| 910 | |a Fondo General | ||
| 920 | |a Impresos - Libros | ||
| 930 | |a Colección General | ||
| 905 | |a 101 | ||
| 901 | |a 0500076151 |b IT1 |c ACC |u 20250521 | ||
| 902 | |a https://opac.biblio.iteso.mx/vufind/Record/000146624 | ||